000 00507nam a2200181Ia 4500
008 131103s9999 xx 000 0 und d
040 _aLoreto College
041 _aEnglish
082 _a740/PUR
_bLCBED/8879
100 _aPurschke,Hans R.
245 4 _aThe Puppet theatre in Germany
_cHans R.Purschke
260 _a[s.l.]
_bNeue Darmstadter Verlognstatt
_c1957
300 _a42 p.
_b ill.
_c 22 cm.
504 _aIncludes index
650 _aTheater - Germany
850 _aLCBED/740/PUR
942 _cBK
999 _c30158
_d80637